[Event "Lisbon Check Mate op 1st"]
[Site "Lisbon"]
[Date "2013.08.12"]
[Round "4.17"]
[White "Grego, Luis Jose Gonzaga"]
[Black "Prata, Jose Miguel Mendes"]
[Result "0-1"]
[WhiteElo "1711"]
[BlackElo "2002"]
[PlyCount "66"]
[EventDate "2013.08.10"]
[EventType "swiss"]
[EventRounds "7"]
[EventCountry "POR"]
[SourceTitle "EXT 2015"]
[Source "ChessBase"]
[SourceDate "2014.11.20"]
[SourceVersion "1"]
[SourceVersionDate "2014.11.20"]
[SourceQuality "1"]

1. e4 e6 2. f4 d5 3. e5 c5 4. Nf3 Nc6 5. c3 Nh6 6. Na3 Be7 7. Nc2 Nf5 8. Bd3 Nh6 9. Be2 d4 10. Bd3 0-0 11. 0-0 a6 12. Kh1 b5 13. cxd4 Nxd4 14. Nfxd4 cxd4 15. Qf3 Rb8 16. Qe4 g6 17. Qxd4 Qc7 18. Be4 Rd8 19. Qc3 Qb6 20. d4 b4 21. Qh3 Nf5 22. Bxf5 exf5 23. Be3 Qe6 24. Ne1 b3 25. a3 Bb7 26. Nf3 Rbc8 27. Ng5 Bxg5 28. fxg5 Rc2 29. Rf2 Rdc8 30. Raf1 Be4 31. Rxc2 Rxc2 32. Rf2 Qc4 33. Kg1 Rxf2 0-1

[Event "POR-CupT 1/8-1/4 final 35th"]
[Site "Torres Vedras"]
[Date "2013.04.20"]
[Round "1.12"]
[White "Santos, Joao Artur Almeida"]
[Black "Prata, Jose Miguel Mendes"]
[Result "1-0"]
[WhiteElo "1971"]
[BlackElo "2036"]
[PlyCount "99"]
[EventDate "2013.04.20"]
[EventType "team-k.o."]
[EventRounds "2"]
[EventCountry "POR"]
[SourceTitle "EXT 2015"]
[Source "ChessBase"]
[SourceDate "2014.11.20"]
[SourceVersion "1"]
[SourceVersionDate "2014.11.20"]
[SourceQuality "1"]
[WhiteTeam "TAP"]
[BlackTeam "CECSSAC"]
[WhiteTeamCountry "POR"]
[BlackTeamCountry "POR"]

1. e4 e6 2. d4 d5 3. Nd2 c5 4. exd5 Qxd5 5. Ngf3 cxd4 6. Bc4 Qd6 7. 0-0 Nf6 8. Nb3 Nc6 9. Nbxd4 Nxd4 10. Qxd4 Bd7 11. Rd1 Qxd4 12. Nxd4 Rc8 13. Bb3 Bc5 14. c3 h6 15. h3 0-0 16. Be3 Rfd8 17. Nc2 Bxe3 18. Nxe3 Bc6 19. f3 Kf8 20. Kf2 Ke7 21. Rxd8 Rxd8 22. Rd1 Rxd1 23. Bxd1 b6 24. Bb3 Nd7 25. Bc2 f5 26. c4 g5 27. Bd3 Ne5 28. Be2 Bb7 29. Nc2 Nc6 30. Bd3 Kf6 31. a3 e5 32. Ne3 Nd4 33. Nc2 Nc6 34. Ne3 Ne7 35. b4 h5 36. c5 bxc5 37. bxc5 f4 38. Nc4 Ke6 39. Na5 Bd5 40. Bb5 e4 41. fxe4 Bxe4 42. Be2 h4 43. Nc4 Kd5 44. Nd6 Bg6 45. Nb7 Kd4 46. Bf3 Be4 47. Nd6 Bxf3 48. Kxf3 Ke5 49. Kg4 Kf6 50. Ne4+ 1-0

[Event "Odivelas 2nd"]
[Site "Odivelas"]
[Date "2001.11.10"]
[Round "5"]
[White "Pinho, Paulo Miguel"]
[Black "Prata, Jose Miguel Mendes"]
[Result "1/2-1/2"]
[WhiteElo "2170"]
[BlackElo "2063"]
[PlyCount "34"]
[EventDate "2001.11.06"]
[EventType "tourn"]
[EventRounds "11"]
[EventCountry "POR"]
[EventCategory "1"]
[SourceTitle "EXT 2002"]
[Source "ChessBase"]
[SourceDate "2001.11.25"]
[SourceVersion "1"]
[SourceVersionDate "2001.11.25"]
[SourceQuality "1"]

1. d4 d5 2. Nf3 Nf6 3. g3 c6 4. Bg2 Nbd7 5. 0-0 g6 6. b3 Bg7 7. c4 0-0 8. Bb2 Re8 9. Nc3 dxc4 10. bxc4 e6 11. e4 c5 12. d5 e5 13. Ne1 b6 14. Nd3 Bb7 15. a4 a6 16. Qc2 Rf8 17. Rfb1 Ne8 1/2-1/2

[Event "POR-ch57"]
[Site "Lisbon"]
[Date "2001.09.07"]
[Round "7.15"]
[White "Prata, Jose Miguel Mendes"]
[Black "Rosario, Paulo Rui Beijinho"]
[Result "1-0"]
[WhiteElo "2081"]
[BlackElo "2000"]
[PlyCount "45"]
[EventDate "2001.09.05"]
[EventType "swiss"]
[EventRounds "9"]
[EventCountry "POR"]
[SourceTitle "EXT 2002"]
[Source "ChessBase"]
[SourceDate "2001.11.25"]
[SourceVersion "1"]
[SourceVersionDate "2001.11.25"]
[SourceQuality "1"]

1. e4 Nf6 2. e5 Nd5 3. c4 Nb6 4. c5 Nd5 5. Bc4 e6 6. Nc3 Nxc3 7. dxc3 Bxc5 8. Qg4 Kf8 9. Nf3 b6 10. 0-0 Bb7 11. h4 h5 12. Qg3 Nc6 13. Bg5 Be7 14. Rad1 Na5 15. Be2 Nc6 16. Rd2 Bxg5 17. Nxg5 Ne7 18. Rfd1 Bc6 19. Qf4 Nf5 20. b4 b5 21. a4 a6 22. a5 Bd5 23. Rxd5 1-0

[Event "POR-ch57"]
[Site "Lisbon"]
[Date "2001.09.05"]
[Round "5.10"]
[White "Prata, Jose Miguel Mendes"]
[Black "Barata, Pedro Miguel Ramiao"]
[Result "0-1"]
[WhiteElo "2081"]
[BlackElo "2000"]
[PlyCount "34"]
[EventDate "2001.09.05"]
[EventType "swiss"]
[EventRounds "9"]
[EventCountry "POR"]
[SourceTitle "EXT 2002"]
[Source "ChessBase"]
[SourceDate "2001.11.25"]
[SourceVersion "1"]
[SourceVersionDate "2001.11.25"]
[SourceQuality "1"]

1. e4 g6 2. d4 Bg7 3. Nf3 d6 4. Bc4 Nf6 5. Nc3 c5 6. dxc5 Qa5 7. Bb5+ Bd7 8. Bxd7+ Nbxd7 9. 0-0 Nxc5 10. Qe2 0-0 11. Rb1 Na4 12. Nb5 Nxe4 13. Qxe4 Qxb5 14. Qxe7 Nc3 15. bxc3 Qxb1 16. Ba3 Qxa2 17. Qxd6 Rfd8 0-1